[Event "Penang op-B 11th"]
[Site "Penang"]
[Date "2019.12.14"]
[Round "9"]
[White "Yip, Yong"]
[Black "Natasya, Mulya Dewanti"]
[Result "1-0"]
[WhiteElo "1567"]
[BlackElo "1634"]
[PlyCount "59"]
[EventDate "2019.12.09"]
[EventType "swiss"]
[EventRounds "9"]
[EventCountry "MAS"]
[SourceTitle "CBM 193 Extra"]
[Source "ChessBase"]
[SourceDate "2020.01.31"]
[SourceVersion "1"]
[SourceVersionDate "2020.01.31"]
[SourceQuality "1"]

1. e4 e6 2. d4 d5 3. Nd2 c5 4. exd5 exd5 5. Ngf3 Nf6 6. Bb5+ Bd7 7. Bxd7+ Nbxd7 8. 0-0 Be7 9. dxc5 Nxc5 10. c3 0-0 11. Nb3 Re8 12. Be3 Qc7 13. Nfd4 a6 14. Nf5 Bf8 15. Bd4 Qf4 16. Nxg7 Bxg7 17. Nxc5 b6 18. Nd3 Qd6 19. Qf3 Kh8 20. Nf4 Re4 21. Nxd5 Qxd5 22. Bxf6 Qe6 23. Rae1 Rxe1 24. Qxa8+ Qe8 25. Bxg7+ Kxg7 26. Qxa6 Qe4 27. Rxe1 Qxe1+ 28. Qf1 Qd2 29. Qb1 b5 30. g3 1-0